The Corporate revolution in America: economic reality vs.economic theory (Record no. 373482)

000 -LEADER
fixed length control field 00452cam a22001457a 4500
008 - FIXED-LENGTH DATA ELEMENTS--GENERAL INFORMATION
fixed length control field 180718b1962 xxu||||| |||| 00| 0 eng d
082 ## - DEWEY DECIMAL CLASSIFICATION NUMBER
Classification number T31x73 M462
100 ## - MAIN ENTRY--PERSONAL NAME
Personal name Means, Gardiner C.
245 ## - TITLE STATEMENT
Title The Corporate revolution in America: economic reality vs.economic theory
Statement of responsibility, etc. by Gardiner C. Means
260 ## - PUBLICATION, DISTRIBUTION, ETC.
Place of publication, distribution, etc. New York
Name of publisher, distributor, etc. Crowell-Collier
Date of publication, distribution, etc. 1962
300 ## - PHYSICAL DESCRIPTION
Extent 191p.
650 ## - SUBJECT ADDED ENTRY--TOPICAL TERM
Topical term or geographic name entry element Prices - USA
650 ## - SUBJECT ADDED ENTRY--TOPICAL TERM
Topical term or geographic name entry element Big Business - USA
650 ## - SUBJECT ADDED ENTRY--TOPICAL TERM
Topical term or geographic name entry element Corporations - USA
Holdings
Withdrawn status Lost status Damaged status Not for loan Permanent Location Current Location Date acquired Full call number Barcode Date last seen Price effective from Koha item type
        Indian Institute of Public Administration Indian Institute of Public Administration 1994-06-20 T31x73 M462 33020 2018-07-21 2018-07-21 Book

Powered by Koha